| 000 | 01242 a2200157 4500 | ||
|---|---|---|---|
| 999 |
_c25274 _d25274 |
||
| 020 | _a9781108497466 | ||
| 082 |
_a954.96 _bZHA-M |
||
| 100 | _aZharkevich, Ina | ||
| 245 | _aMaoist people's war and the revolution of everyday life in Nepal | ||
| 260 |
_bCambridge University Press _c2019 _aCambridge |
||
| 300 | _axiv, 320p. | ||
| 504 | _aInclude Bibliography and Index | ||
| 520 | _aBy providing a rich ethnography of wartime social processes in the former Maoist heartland of Nepal, this book explores how the Maoist People's War (1996–2006) transformed Nepali society. Drawing on long-term fieldwork with people who were located at the epicentre of the conflict, including both ardent Maoist supporters and 'reluctant rebels', it explores how a remote Himalayan village was forged as the centre of the Maoist rebellion, how its inhabitants coped with the situation of war and the Maoist regime of governance, and how they came to embrace the Maoist project and maintain ordinary life amidst the war while living in a guerrilla enclave. | ||
| 650 |
_aPolitics and government-1960 _vSocial life and customs _vSocial conditions _vCommunism _vInsurgency--Social aspects _vEthnolog _vCivil War, 1996-2006--Social aspects _zNepal |
||
| 942 |
_2ddc _cBK |
||